Statistics for World Cup 2022 XIs - Morocco vs Spain

Click here to take the quiz!

General Stats

  • This quiz has been taken 22 times
  • The average score is 13 of 22

Answer Stats

PositionPlayer% Correct
RBAchraf Hakimi
90%
CMGavi
85%
CMPedri
80%
CMSofyan Amrabat
80%
GKYassine Bounou
80%
RWHakim Ziyech
75%
LBJordi Alba
75%
CMSergio Busquets
70%
RWFerran Torres
65%
GKUnai Simón
65%
STYoussef En-Nesyri
65%
CBAymeric Laporte
60%
LWSofiane Boufal
60%
CMAzzedine Ounahi
55%
CBRomain Saïss
55%
CBNayef Aguerd
50%
CBRodri
50%
LWDani Olmo
40%
STMarcos Asensio
40%
LBNoussair Mazraoui
40%
RBMarcos Llorente
25%
CMSelim Amallah
25%

Score Distribution

Percentile by Number Answered

Percent of People with Each Score

Your Score History

You have not taken this quiz